| 000 -LEADER |
| fixed length control field |
01104cam a2200229 i 4500 |
| 003 - CONTROL NUMBER IDENTIFIER |
| control field |
OSt |
| 005 - DATE AND TIME OF LATEST TRANSACTION |
| control field |
20200316123325.0 |
| 008 - FIXED-LENGTH DATA ELEMENTS--GENERAL INFORMATION |
| fixed length control field |
170124s2017 enk b 001 0 eng |
| 020 ## - INTERNATIONAL STANDARD BOOK NUMBER |
| International Standard Book Number |
9781138204980 (hbk : alk. paper) |
| 050 00 - LIBRARY OF CONGRESS CALL NUMBER |
| Classification number |
TH7223 |
| Item number |
.C46 2017 |
| 082 00 - DEWEY DECIMAL CLASSIFICATION NUMBER |
| Classification number |
697.001/515357 |
| Edition number |
23 |
| Item number |
CHE |
| 100 1# - MAIN ENTRY--PERSONAL NAME |
| Personal name |
Chen, Qingyan |
| Titles and other words associated with a name |
(Professor of mechanical engineering), |
| Relator term |
author. |
| 245 10 - TITLE STATEMENT |
| Title |
Inverse design methods for the built environment / |
| Statement of responsibility, etc |
Qingyan Chen, Zhiqiang Zhai, Xueyi You and Tengfei Zhang. |
| 300 ## - PHYSICAL DESCRIPTION |
| Extent |
xv, 248 pages ; |
| Dimensions |
26 cm |
| 504 ## - BIBLIOGRAPHY, ETC. NOTE |
| Bibliography, etc |
Includes bibliographical references and index. |
| 505 0# - FORMATTED CONTENTS NOTE |
| Formatted contents note |
Methods for inverse/optimal design of an enclosed environment -- CFD-based genetic algorithm method -- CFD-based adjoint method -- CFD-based artificial neural network method -- CFD-based proper orthogonal decomposition method -- Enhancement of the inverse design methods. |
| 650 #0 - SUBJECT ADDED ENTRY--TOPICAL TERM |
| Topical term or geographic name as entry element |
Buildings |
| General subdivision |
Environmental engineering |
| -- |
Mathematics. |
| 650 #0 - SUBJECT ADDED ENTRY--TOPICAL TERM |
| Topical term or geographic name as entry element |
Ventilation |
| General subdivision |
Mathematical models. |
| 650 #0 - SUBJECT ADDED ENTRY--TOPICAL TERM |
| Topical term or geographic name as entry element |
Inverse relationships (Mathematics) |
| 650 #0 - SUBJECT ADDED ENTRY--TOPICAL TERM |
| Topical term or geographic name as entry element |
Computational fluid dynamics. |
| 942 ## - ADDED ENTRY ELEMENTS (KOHA) |
| Source of classification or shelving scheme |
|